00540 a2200133 4500020001500000082001600015100002000031245012600051260005700177300004600234650001800280999001300298952009500311 a0415270596 a307.121 WAT aWatson, Vanessa aChange and Continuity in Spatial Planning : metropolitan planning in cape town under political transitioncVanessa Watson aLondon : New York :bTaylor and Francis Group,c2002 aix, 177p. :bill ., maps, pics., ;c23 cm aCity Planning c250d250 00104070aNITbNITcCEd0000-00-00l0o307.121 WATpNIT-416 r2017-01-05w2017-01-05yBK